1991 to 2010 in Roman Numerals in Word Length Order - Statistics

General Stats
  • This quiz has been taken 109 times
  • The average score is 10 of 20
Answer Stats
number % Correct
MM
100%
MMI
95%
MMV
74%
MMX
74%
MMII
64%
MMIV
62%
MMIX
62%
MMVI
62%
MMIII
59%
MMVII
57%
MCMXCI
48%
MCMXCV
47%
MCMXCII
40%
MMVIII
40%
MCMXCIV
36%
MCMXCVI
33%
MCMXCIX
24%
MCMXCIII
22%
MCMXCVII
22%
MCMXCVIII
22%
No matching quizzes found
Score Distribution
Percent of People with Each Score
Percentile by Number Answered
Your Score History
You have not taken this quiz